Program Broker vychádza z reality Príloha

Využitie obchodno-informačných systémov vo firmách s cennými papiermi. Priamy vstup do obchodného systému burzy. Program Broker - uľahčenie vedenia účtov klientov v brokerskej spoločnosti. Technológia modulárnej koncepcie. Využitie systému Broker.

Guardado en:
Detalles Bibliográficos
Autor principal: Bačišin, Vladimír
Formato: Capítulo de libro
Lenguaje:eslovaco
Materias:
Etiquetas: Agregar Etiqueta
Sin Etiquetas, Sea el primero en etiquetar este registro!

MARC

LEADER 00000naa a2200000 4500
001 r020301
005 20251104124101.9
041 0 |a slo 
044 |a SK 
245 1 0 |a Program Broker vychádza z reality  |b Príloha  |c V. Bačišin 
520 |a Využitie obchodno-informačných systémov vo firmách s cennými papiermi. Priamy vstup do obchodného systému burzy. Program Broker - uľahčenie vedenia účtov klientov v brokerskej spoločnosti. Technológia modulárnej koncepcie. Využitie systému Broker. 
610 2 0 |a papiere cenné 
610 2 0 |a systémy informačné 
610 2 0 |a Broker 
610 2 0 |a účtovníctvo 
610 2 0 |a spoločnosti kapitálové 
610 2 0 |a burzy 
610 2 0 |a makléri 
100 1 |a Bačišin, Vladimír